000 00412nam a2200181Ia 4500
001 3711
005 20260306145703.0
008 260306t2016||||xx |||||||||||||| ||spa||
041 _aESP
082 _a302
_bS18
100 _aSalazar, José Miguel
_eAUT
245 0 _aPsicología social
260 _c2016
300 _a427 páginas :
_c23 cm.
650 _aGEN
654 _aCPS
942 _cLIB
_dJUS
_fJUS
_2ddc
_n
999 _c3711
_d3711